| 000 | 00382nam a2200145Ia 4500 | ||
|---|---|---|---|
| 008 | 230312s9999||||xx |||||||||||||| ||und|| | ||
| 020 | _a81-8473-672-4 | ||
| 082 |
_a612 _bLEM-F |
||
| 100 | _aLemke;Thomas.L | ||
| 245 | 0 | _aFoye's Principless of Medicinal Chemistry | |
| 260 |
_bWolters Kluwer _andia _c2012 |
||
| 300 | _a746 | ||
| 650 |
_aPharmacy _vMedicinal Chemistry |
||
| 942 | _cBK | ||
| 999 |
_c10868 _d10868 |
||